| 000 | 00438nam a2200157Ia 4500 | ||
|---|---|---|---|
| 999 |
_c1941 _d1941 |
||
| 020 | _a81-900669-0-0 | ||
| 082 | _aRR 923.254 SIN-; | ||
| 100 | _aSingh, H D | ||
| 245 | 0 | _a543 faces of India: guide to 543 parliamentary constituencies | |
| 260 |
_aNew Delhi _bNewsmen Publishers _c1996 |
||
| 300 | _a331p. | ||
| 504 | _aIncludes index | ||
| 650 | _aBiography - Directories | ||
| 650 | _aPoliticians - Biography - India | ||
| 942 |
_cBK _2ddc |
||